[Event "9th Sunway Sitges 2022"]
[Site "Sitges ESP"]
[Date "2022.12.14"]
[Round "3.6"]
[White "Abdisalimov, Abdimalik"]
[Black "Karthikeyan, Murali"]
[Result "0-1"]
[WhiteTitle "IM"]
[BlackTitle "GM"]
[WhiteElo "2447"]
[BlackElo "2620"]
[WhiteFideId "14206323"]
[BlackFideId "5074452"]
[EventDate "2022.12.12"]

1. d4 Nf6 2. c4 e6 3. Nc3 Bb4 4. f3 c5 5. d5 b5 6. e4 d6 7. Ne2 bxc4 8. Nf4 e5
9. Ne2 Nbd7 10. Ng3 Nb6 11. Be2 Ng8 12. O-O Ne7 13. f4 exf4 14. Bxf4 Ng6 15. Qc1
Bxc3 16. bxc3 O-O 17. Rf2 Rb8 18. Qd2 Na4 19. Qc2 Nxf4 20. Qxa4 Ng6 21. Qxa7 Rb7
22. Qa4 Ne5 23. Nf1 Rb2 24. Ne3 Qg5 25. Nxc4 Bd7 26. Qd1 Nxc4 27. Bxc4 Rxf2 28.
Kxf2 f5 29. Qe1 Re8 30. Qe3 Qh4+ 31. Qg3 Qxe4 32. Bf1 Qxd5 33. Kg1 Qd2 34. Qf3
Re3 35. Qf4 Be6 36. Rb1 h6 37. Rb8+ Kh7 38. Re8 Qxc3 39. Rxe6 Rxe6 40. Qxf5+ Rg6
41. Bd3 Qe1+ 42. Qf1 Qe3+ 43. Kh1 c4 44. Bf5 d5 45. g4 Qb6 46. Qe1 Qc6 47. Kg2
Kg8 48. Bxg6 Qxg6 49. Kf3 Qf6+ 50. Kg3 c3 51. Qe8+ Kh7 52. Qe3 c2 0-1

[Event "9th Sunway Sitges 2022"]
[Site "Sitges ESP"]
[Date "2022.12.14"]
[Round "3.8"]
[White "Nigmatov, Ortik"]
[Black "Aryan, Chopra"]
[Result "1/2-1/2"]
[WhiteTitle "IM"]
[BlackTitle "GM"]
[WhiteElo "2439"]
[BlackElo "2618"]
[WhiteFideId "14202131"]
[BlackFideId "5084423"]
[EventDate "2022.12.12"]

1. e4 c5 2. Nf3 d6 3. d4 cxd4 4. Nxd4 Nf6 5. Nc3 Nc6 6. Bg5 e6 7. Qd2 a6 8.
O-O-O Bd7 9. Nxc6 Bxc6 10. f3 h6 11. Bf4 d5 12. Qe1 Bb4 13. a3 Bxc3 14. Qxc3 O-O
15. Be5 Rc8 16. Bxf6 Qxf6 17. Qxf6 gxf6 18. exd5 Bxd5 19. Rd4 f5 20. Bd3 Bc6 21.
Rd1 Kg7 22. Be2 Kg6 23. g3 e5 24. Rd6+ f6 25. Kd2 Rfe8 26. b3 h5 27. Ke3 Rc7 28.
h4 a5 29. R1d2 Rce7 30. Bf1 Kg7 31. Kf2 Rc7 32. Be2 Kg6 33. c4 e4 34. fxe4 fxe4
35. Ke3 Rg7 36. b4 axb4 37. axb4 Re5 38. b5 Be8 39. Rb6 Kf5 40. Rdd6 Rxg3+ 41.
Kd4 Rg6 42. Rxb7 e3 43. Rbb6 Rg4+ 44. Kc3 Rxh4 45. Rxf6+ Kg5 46. Rbd6 Rh2 47. b6
Rxe2 48. b7 Rb2 49. Kxb2 e2 50. Rf2 e1=Q 51. Rg2+ Kf5 52. b8=Q Re2+ 53. Rxe2
Qxe2+ 54. Kb3 Qe3+ 55. Kb2 Qe2+ 56. Ka3 Qxc4 57. Qxe8 Qc5+ 58. Kb3 Qxd6 59.
Qxh5+ Ke6 60. Qg6+ Ke5 61. Qg3+ Kd5 62. Qxd6+ Kxd6 1/2-1/2

[Event "9th Sunway Sitges 2022"]
[Site "Sitges ESP"]
[Date "2022.12.14"]
[Round "3.9"]
[White "Bernadskiy, Vitaliy"]
[Black "Garcia Ramos, Daniel"]
[Result "1/2-1/2"]
[WhiteTitle "GM"]
[BlackTitle "IM"]
[WhiteElo "2617"]
[BlackElo "2439"]
[WhiteFideId "14100371"]
[BlackFideId "32010311"]
[EventDate "2022.12.12"]

1. f4 Nh6 2. Nf3 g6 3. c4 Bg7 4. Nc3 c5 5. g3 Nc6 6. Bg2 O-O 7. O-O d6 8. b3 a6
9. Bb2 Rb8 10. d3 Nf5 11. Qd2 Qa5 12. g4 Ne3 13. Qxe3 Bxc3 14. Bxc3 Qxc3 15. h3
Bd7 16. Kh1 b5 17. f5 gxf5 18. gxf5 Kh8 19. Ng5 Qd4 20. Qc1 Qg7 21. Ne4 Rg8 22.
Rg1 Nd4 23. f6 exf6 24. Bf3 Qxg1+ 25. Qxg1 Rxg1+ 26. Rxg1 bxc4 27. Nxd6 Be6 28.
dxc4 Rb6 29. Ne4 Nxf3 30. exf3 Bxh3 31. Nxc5 Bf5 32. Rd1 Kg7 33. Kg2 Rc6 34. b4
Kg6 35. Kg3 Kg5 36. Rd5 h5 37. f4+ Kg6 38. b5 axb5 39. cxb5 Rb6 40. a4 Rb8 41.
Kh4 Bg4 42. f5+ Bxf5 43. Nd3 Bxd3 44. Rxd3 Kf5 45. Rd6 Ke5 46. Ra6 f5 47. b6 f4
48. a5 Kd5 49. Ra7 Kc6 50. Rxf7 Kb5 51. Ra7 Kc6 52. Kh3 Rg8 53. Rf7 Kb5 54. Rxf4
Kxa5 55. Rf5+ Kxb6 1/2-1/2

[Event "9th Sunway Sitges 2022"]
[Site "Sitges ESP"]
[Date "2022.12.14"]
[Round "3.10"]
[White "Vitier Vazquez, Cristian"]
[Black "Puranik, Abhimanyu"]
[Result "0-1"]
[WhiteTitle "FM"]
[BlackTitle "GM"]
[WhiteElo "2424"]
[BlackElo "2616"]
[WhiteFideId "3513157"]
[BlackFideId "5061245"]
[EventDate "2022.12.12"]

1. d4 Nf6 2. Nf3 g6 3. Bg5 Bg7 4. c3 O-O 5. Nbd2 d5 6. e3 Nbd7 7. Be2 Re8 8. O-O
e5 9. h3 a5 10. Rc1 c6 11. Bh4 a4 12. c4 e4 13. Nh2 Qa5 14. cxd5 Nxd5 15. Nc4
Qb4 16. Bg3 Qe7 17. Ng4 f5 18. Nge5 N7f6 19. Re1 Be6 20. f3 Bh6 21. Bf1 Rf8 22.
f4 g5 23. fxg5 Bxg5 24. Bf2 Kh8 25. g3 Rg8 26. Kh2 Rg7 27. Nd2 a3 28. b3 Rag8
29. Nb1 Nd7 30. Nxd7 Qxd7 31. Nc3 Qc7 32. Nxd5 Bxd5 33. Qh5 Bf7 34. Qe2 Bh4 0-1

[Event "9th Sunway Sitges 2022"]
[Site "Sitges ESP"]
[Date "2022.12.14"]
[Round "3.11"]
[White "Roberson, Peter T"]
[Black "Durarbayli, Vasif"]
[Result "0-1"]
[WhiteTitle "IM"]
[BlackTitle "GM"]
[WhiteElo "2418"]
[BlackElo "2612"]
[WhiteFideId "412384"]
[BlackFideId "13402935"]
[EventDate "2022.12.12"]

1. e4 c5 2. c3 d5 3. exd5 Qxd5 4. d4 Nf6 5. Nf3 e6 6. Na3 Nc6 7. Be3 Ng4 8. Bc4
Qe4 9. Bd3 Nxe3 10. Bxe4 Nxd1 11. Rxd1 cxd4 12. Nb5 Rb8 13. Nfxd4 Bd7 14. Nf3
Bc5 15. Nd6+ Bxd6 16. Rxd6 Ke7 17. Rd2 h6 18. Ke2 Rhc8 19. Rhd1 Be8 20. h4 b5
21. Rd6 Rc7 22. Nd4 Ne5 23. Ra6 g5 24. hxg5 hxg5 25. Rh1 b4 26. Rh7 Bd7 27. Ra5
Kd6 28. Ra6+ Rb6 29. Rxb6+ axb6 30. Nf3 f5 31. Nxg5 Bb5+ 32. Ke3 Rxh7 33. Nxh7
fxe4 34. Nf6 Nc4+ 35. Kxe4 Nxb2 36. cxb4 Bc6+ 37. Ke3 Bxg2 38. f3 Nd1+ 39. Kf4
Nc3 40. Kg3 Bf1 0-1

[Event "9th Sunway Sitges 2022"]
[Site "Sitges ESP"]
[Date "2022.12.14"]
[Round "3.12"]
[White "Adhiban, Baskaran"]
[Black "Ajay, Karthikeyan"]
[Result "1-0"]
[WhiteTitle "GM"]
[BlackTitle "IM"]
[WhiteElo "2611"]
[BlackElo "2430"]
[WhiteFideId "5018471"]
[BlackFideId "35011685"]
[EventDate "2022.12.12"]

1. c4 Nf6 2. Nc3 e6 3. Nf3 d5 4. e3 b6 5. b3 Bb7 6. Bb2 Nbd7 7. Rc1 a6 8. cxd5
exd5 9. Ne2 Bd6 10. Ned4 c5 11. Nf5 Bf8 12. d4 g6 13. Ng3 Bg7 14. Bd3 O-O 15.
O-O Re8 16. Qe2 Ne4 17. Rfd1 Nxg3 18. hxg3 Qe7 19. a4 Rec8 20. Rc2 Bf8 21. Rdc1
Qd8 22. Qd1 Rc7 23. Qf1 Bg7 24. Ba3 Bf8 25. Be2 Rcc8 26. Qd1 Be7 27. Qe1 cxd4
28. Bxe7 Qxe7 29. Nxd4 a5 30. Rc7 Qd8 31. Rxb7 Nc5 32. Rxc5 bxc5 33. Nb5 Rcb8
34. Rxb8 Rxb8 35. Qc3 Qb6 36. Qe5 Rd8 37. Qe7 Rc8 38. Bf3 Qe6 39. Qb7 Rd8 40.
Qc7 Rc8 41. Bxd5 Rxc7 42. Bxe6 Rc6 43. Bd5 Rb6 44. Kf1 h5 45. Ke2 Kf8 46. Kd3 g5
47. f4 1-0

[Event "9th Sunway Sitges 2022"]
[Site "Sitges ESP"]
[Date "2022.12.14"]
[Round "3.13"]
[White "Gholami Orimi, Mahdi"]
[Black "Kollars, Dmitrij"]
[Result "1/2-1/2"]
[WhiteTitle "IM"]
[BlackTitle "GM"]
[WhiteElo "2415"]
[BlackElo "2610"]
[WhiteFideId "12558486"]
[BlackFideId "12909572"]
[EventDate "2022.12.12"]

1. d4 d5 2. c4 c6 3. Nf3 Nf6 4. cxd5 cxd5 5. Nc3 Nc6 6. Bf4 Bf5 7. Qb3 Na5 8.
Qa4+ Bd7 9. Qc2 e6 10. e3 Rc8 11. Bd3 Bb4 12. O-O O-O 13. Ne5 h6 14. Rfc1 a6 15.
Qe2 Be8 16. Qf3 Bxc3 17. bxc3 Nd7 18. Qg3 Nxe5 19. Bxe5 f6 20. Bf4 g5 21. Bd6
Rf7 22. Bb4 Nc4 23. Qh3 a5 24. Bc5 b6 25. Bxc4 dxc4 26. Ba3 Qd5 27. Qxh6 Qf5 28.
e4 Qxe4 29. Re1 Qf5 30. Re3 Bc6 31. Rh3 Rh7 32. Qxh7+ Qxh7 33. Rxh7 Kxh7 34. Re1
Re8 35. Bd6 b5 36. a3 Bd5 37. Rb1 Bc6 38. Re1 Bd5 39. Rb1 Bc6 40. Re1 Bd5 1/2-1/2

[Event "9th Sunway Sitges 2022"]
[Site "Sitges ESP"]
[Date "2022.12.14"]
[Round "3.14"]
[White "Aravindh, Chithambaram VR."]
[Black "Fataliyeva, Ulviyya"]
[Result "1-0"]
[WhiteTitle "GM"]
[BlackTitle "IM"]
[WhiteElo "2607"]
[BlackElo "2428"]
[WhiteFideId "5072786"]
[BlackFideId "13403052"]
[EventDate "2022.12.12"]

1. e4 e6 2. d4 d5 3. e5 c5 4. c3 Nc6 5. Nf3 Bd7 6. Be2 f6 7. O-O fxe5 8. dxe5
Qc7 9. c4 Nxe5 10. Nxe5 Qxe5 11. Bh5+ g6 12. Bf3 O-O-O 13. Re1 Qd6 14. cxd5 exd5
15. Nc3 Nf6 16. a4 Bg7 17. Nb5 Bxb5 18. axb5 Rhe8 19. Rxa7 Rxe1+ 20. Qxe1 Qb6
21. Ra1 Kd7 22. Bf4 Qe6 23. Qa5 Ke8 24. h3 Ne4 25. Bc7 Bxb2 26. Bxd8 Bxa1 27.
Bh4 Bd4 28. Qa8+ Kf7 29. Qxb7+ Kg8 30. b6 c4 31. Qb8+ Kg7 32. b7 Nxf2 33. Qc7+ 1-0

[Event "9th Sunway Sitges 2022"]
[Site "Sitges ESP"]
[Date "2022.12.14"]
[Round "3.15"]
[White "Bai, Adelard"]
[Black "Dardha, Daniel"]
[Result "1/2-1/2"]
[WhiteTitle "FM"]
[BlackTitle "GM"]
[WhiteElo "2411"]
[BlackElo "2606"]
[WhiteFideId "16301188"]
[BlackFideId "240990"]
[EventDate "2022.12.12"]

1. d4 Nf6 2. c4 e6 3. Nf3 d5 4. g3 Bb4+ 5. Bd2 a5 6. Qc2 O-O 7. Bg2 c5 8. cxd5
cxd4 9. Nxd4 Qb6 10. e3 exd5 11. O-O Nc6 12. Bc3 Bxc3 13. Nxc3 Nxd4 14. exd4 Be6
15. Qd2 Rfc8 16. Na4 Qd6 17. Nc5 b6 18. Nxe6 Qxe6 19. Rac1 Rxc1 20. Rxc1 Re8 21.
Bf3 g6 22. Kg2 Kg7 23. Rc7 Qf5 24. Rc6 Ne4 25. Qf4 Qxf4 26. gxf4 b5 27. Rb6 Rc8
28. Rxb5 Rc2 29. Bxe4 dxe4 30. Kg3 Rd2 31. Rxa5 Rxb2 32. a4 Rb4 33. f5 Rxd4 34.
fxg6 hxg6 35. Kf4 Rd2 36. Ke3 Ra2 37. Ra7 g5 1/2-1/2

[Event "9th Sunway Sitges 2022"]
[Site "Sitges ESP"]
[Date "2022.12.14"]
[Round "3.17"]
[White "Tahay, Alexis"]
[Black "Cheng, Bobby"]
[Result "1-0"]
[WhiteTitle "IM"]
[BlackTitle "GM"]
[WhiteElo "2400"]
[BlackElo "2583"]
[WhiteFideId "26090961"]
[BlackFideId "4300033"]
[EventDate "2022.12.12"]

1. e4 c5 2. Nf3 d6 3. d4 cxd4 4. Nxd4 Nf6 5. Nc3 a6 6. g3 e5 7. Nde2 Be7 8. Bg2
h5 9. h3 b5 10. Nd5 Nbd7 11. Nec3 Nxd5 12. Nxd5 h4 13. Be3 Bb7 14. g4 O-O 15.
O-O Bxd5 16. Qxd5 Nb6 17. Qd3 Qc7 18. b3 Nd7 19. a4 b4 20. a5 Rfc8 21. Rfc1 Nc5
22. Qd5 Ne6 23. Qd2 Qb7 24. Bf1 Rc3 25. Bc4 Rc8 26. Qd5 Qb8 27. Bxa6 R8c7 28.
Qd2 Nd4 29. Bxd4 exd4 30. Bd3 Ra7 31. a6 Qb6 32. Qf4 Rc5 33. Rf1 g5 34. Qd2 Rc8
35. Ra4 Rb8 36. Rfa1 Bf6 37. Ra5 Qd8 38. Rf5 Kf8 39. Ra4 Kg7 40. Bc4 Kg6 41.
Rxb4 Rba8 42. Bd5 Rxa6 43. Bxa8 Qxa8 44. Qd3 Be5 45. Rf3 f6 46. Kg2 Rc6 47. Rc4
Rb6 48. Rc7 Rb4 49. Rc4 Rb7 50. Rxd4 Bxd4 51. Qxd4 Qd8 52. e5 1-0

[Event "9th Sunway Sitges 2022"]
[Site "Sitges ESP"]
[Date "2022.12.14"]
[Round "3.18"]
[White "Kraemer, Martin"]
[Black "Bilych, Olexiy"]
[Result "1/2-1/2"]
[WhiteTitle "GM"]
[BlackTitle "FM"]
[WhiteElo "2583"]
[BlackElo "2401"]
[WhiteFideId "4671910"]
[BlackFideId "14156504"]
[EventDate "2022.12.12"]

1. d4 Nf6 2. c4 e6 3. Nf3 d5 4. g3 dxc4 5. Bg2 Bb4+ 6. Bd2 a5 7. Qc2 Bxd2+ 8.
Qxd2 c6 9. a4 b5 10. Na3 Bd7 11. Ne5 Nd5 12. e4 Nb4 13. O-O O-O 14. Rfd1 Be8 15.
d5 f6 16. dxc6 Qxd2 17. Rxd2 fxe5 18. axb5 Bxc6 19. bxc6 N8xc6 20. Nxc4 Rfd8 21.
Rxd8+ Rxd8 22. Nxa5 Ra8 23. Nb3 Rxa1+ 24. Nxa1 Nd4 25. Bf1 Nf3+ 26. Kh1 Nd2 27.
Kg2 Nxe4 28. Nb3 Kf7 29. Kf3 Nf6 30. Nc5 Nc6 31. Bh3 Nd4+ 32. Ke3 Ke7 33. f4
Nd5+ 34. Ke4 Nf6+ 35. Ke3 Nd5+ 36. Kd3 Nf3 37. Ke4 Nxh2 38. Kxe5 Nf6 39. Kd4 e5+
40. Ke3 exf4+ 41. Kxf4 h6 42. Ne4 g5+ 43. Kf5 g4 44. Bg2 Nd5 45. Bh1 Ne3+ 46.
Kg6 Nhf1 47. Kh5 Ke6 48. b4 Kd7 49. Kh4 Kc6 50. Nc3+ Kb6 51. Be4 Nd2 52. Bd3
Nf3+ 53. Kh5 Ne5 54. Na4+ Kc6 55. b5+ Kd6 56. Be4 Nf1 57. Kh4 Nd2 58. Bg2 Ndf3+
59. Kh5 Nd4 60. b6 Nf5 61. b7 Nxg3+ 62. Kxh6 Nd7 63. Nb6 Nb8 64. Kg5 Ne2 65.
Kxg4 Nd4 66. Kf4 Ndc6 67. Na8 Kc5 68. Kf5 Kb5 69. Bf1+ Ka5 70. Ke6 Nd8+ 71. Kd6
Nxb7+ 72. Kc7 Nc5 73. Kxb8 Kb4 74. Kc7 Kc3 75. Nb6 Kd4 76. Kc6 Ne4 77. Nd7 Nc3
78. Nf8 Ne4 79. Ng6 Nf6 80. Nh4 Ng4 81. Nf3+ Ke4 82. Nd2+ Ke3 83. Nb3 Ke4 84.
Kd6 Ne3 85. Nd2+ Kd4 86. Ba6 Nf5+ 87. Ke6 Ne3 88. Nf3+ Ke4 89. Bb7+ Kf4 90. Ne1
Ng4 91. Ng2+ Kg5 92. Bc6 Nf6 93. Ne1 Ng4 94. Nd3 Ne3 95. Bf3 Ng4 96. Bd1 Ne3 97.
Be2 Ng4 98. Bf3 Ne3 99. Nf2 Kf4 100. Bh1 Ng4 101. Nxg4 Kxg4 1/2-1/2

[Event "9th Sunway Sitges 2022"]
[Site "Sitges ESP"]
[Date "2022.12.14"]
[Round "3.19"]
[White "Bournel, Antoine"]
[Black "Svane, Frederik"]
[Result "0-1"]
[WhiteTitle "IM"]
[BlackTitle "GM"]
[WhiteElo "2392"]
[BlackElo "2568"]
[WhiteFideId "26093553"]
[BlackFideId "12923044"]
[EventDate "2022.12.12"]

1. d4 Nf6 2. c4 e6 3. Nf3 b6 4. g3 Ba6 5. b3 Bb4+ 6. Bd2 Be7 7. Nc3 d5 8. cxd5
exd5 9. Bg2 O-O 10. O-O Nbd7 11. a3 Re8 12. Bf4 h6 13. b4 c6 14. Re1 Bb7 15. Qb3
a5 16. Rad1 Nf8 17. Bc1 Ne6 18. Nh4 Bf8 19. Nf5 Ng5 20. b5 cxb5 21. Bxg5 hxg5
22. Nxb5 a4 23. Qb2 Ba6 24. Nc3 Bc4 25. Ne3 Bb3 26. Ra1 Rb8 27. Reb1 b5 28. Qc1
Rc8 29. Rxb3 axb3 30. Qb2 Qa5 31. Ncxd5 Nxd5 32. Nxd5 Rc2 33. Qxb3 Rexe2 34. Rf1
Qd2 35. Qf3 Qxd4 36. Ne3 Ra2 37. Qf5 Qxe3 38. Bd5 Qe7 0-1

[Event "9th Sunway Sitges 2022"]
[Site "Sitges ESP"]
[Date "2022.12.14"]
[Round "3.20"]
[White "Salimova, Nurgyul"]
[Black "Alsina Leal, Daniel"]
[Result "1/2-1/2"]
[WhiteTitle "IM"]
[BlackTitle "GM"]
[WhiteElo "2390"]
[BlackElo "2527"]
[WhiteFideId "2915138"]
[BlackFideId "2252627"]
[EventDate "2022.12.12"]

1. d4 d5 2. c4 e6 3. Nf3 Nf6 4. g3 Be7 5. Bg2 O-O 6. O-O dxc4 7. Qc2 b5 8. a4 b4
9. Nfd2 Nd5 10. Nxc4 c5 11. dxc5 Ba6 12. Ne3 Nd7 13. Nxd5 exd5 14. c6 Rc8 15.
Bf4 Nc5 16. c7 Qd7 17. Rd1 Bc4 18. Nd2 Bxe2 19. Re1 Bd3 20. Qd1 Bd6 21. Bh3 f5
22. Nb3 Nxb3 23. Qxd3 Bxf4 24. Qxb3 Bxc7 25. Rad1 Kh8 26. Rxd5 Qf7 27. Red1 Qh5
28. Bg2 Qh6 29. Qxb4 f4 30. a5 fxg3 31. hxg3 Qf6 32. Qd4 Qxd4 33. R1xd4 Bd8 34.
b4 Bf6 35. Re4 Bc3 36. Rd7 Rb8 37. Rxa7 Bxb4 38. Rc4 Be1 39. Rc2 Rf5 40. a6 Rbf8
41. Ra8 Bxf2+ 42. Rxf2 Rxf2 43. Rxf8+ Rxf8 44. a7 g5 45. a8=Q Rxa8 46. Bxa8 g4
47. Kf2 h5 48. Ke3 h4 49. gxh4 g3 50. Kf4 g2 51. Bxg2 Kg7 52. Kf5 Kh8 53. h5 Kg7
54. h6+ Kh8 55. Kg6 Kg8 56. h7+ Kh8 57. Kh6 1/2-1/2

[Event "9th Sunway Sitges 2022"]
[Site "Sitges ESP"]
[Date "2022.12.14"]
[Round "3.21"]
[White "Carbonell Sancho, Marc"]
[Black "Sumets, Andrey"]
[Result "0-1"]
[WhiteTitle "FM"]
[BlackTitle "GM"]
[WhiteElo "2384"]
[BlackElo "2506"]
[WhiteFideId "32029969"]
[BlackFideId "14105500"]
[EventDate "2022.12.12"]

1. e4 e6 2. d4 d5 3. Nc3 Nf6 4. e5 Nfd7 5. f4 c5 6. Nf3 Nc6 7. Be3 Qb6 8. Be2 a6
9. a3 Qa7 10. Qd2 cxd4 11. Nxd4 Bc5 12. O-O-O O-O 13. h4 Rb8 14. h5 Nxd4 15.
Bxd4 b5 16. h6 g6 17. g4 b4 18. Bxc5 Qxc5 19. Na4 Qc6 20. b3 a5 21. Qe3 bxa3 22.
Qc3 Bb7 23. Rd4 Rfc8 24. Rh3 g5 25. Qd2 a2 26. Kb2 Qxc2+ 27. Qxc2 Rxc2+ 0-1

[Event "9th Sunway Sitges 2022"]
[Site "Sitges ESP"]
[Date "2022.12.14"]
[Round "3.22"]
[White "Gines Esteo, Pedro Antonio"]
[Black "Abdurakhmonov, Mukhammadali"]
[Result "1/2-1/2"]
[WhiteTitle "GM"]
[BlackTitle "IM"]
[WhiteElo "2500"]
[BlackElo "2397"]
[WhiteFideId "32080190"]
[BlackFideId "14207346"]
[EventDate "2022.12.12"]

1. c4 e6 2. Nc3 d5 3. d4 Nf6 4. cxd5 Nxd5 5. e4 Nxc3 6. bxc3 c5 7. Nf3 cxd4 8.
cxd4 Bb4+ 9. Bd2 Bxd2+ 10. Qxd2 O-O 11. Bc4 Nd7 12. O-O b6 13. Rad1 Bb7 14. Rfe1
Rc8 15. Bb3 h6 16. h3 Re8 17. Re3 Nf6 18. Qe1 Qc7 19. d5 exd5 20. e5 Ne4 21.
Bxd5 Bxd5 22. Rxd5 Qc6 23. Rd1 Nc3 24. Rd2 Qg6 25. Rd6 Qc2 26. Nd4 Qd1 27. Qxd1
Nxd1 28. Re1 Nc3 29. f4 Rcd8 30. Re3 Nd5 31. Ra3 Nxf4 32. Rxa7 Ra8 33. Rxa8 Rxa8
34. e6 fxe6 1/2-1/2

[Event "9th Sunway Sitges 2022"]
[Site "Sitges ESP"]
[Date "2022.12.14"]
[Round "3.23"]
[White "Vaibhav, Jayant Raut"]
[Black "Samant, Aditya S"]
[Result "0-1"]
[WhiteTitle "CM"]
[BlackTitle "IM"]
[WhiteElo "2247"]
[BlackElo "2470"]
[WhiteFideId "5089034"]
[BlackFideId "35080580"]
[EventDate "2022.12.12"]

1. d4 Nf6 2. Nf3 e6 3. Bf4 c5 4. e3 d5 5. Nbd2 Nc6 6. Bb5 Qb6 7. c4 cxd4 8. exd4
dxc4 9. a4 Nd5 10. Nxc4 Bb4+ 11. Bd2 Bxd2+ 12. Qxd2 Qd8 13. Na5 Ne7 14. O-O O-O
15. Nxc6 Nxc6 16. Bxc6 bxc6 17. Rfc1 Qd6 18. Ne5 Bd7 19. Rc5 Rfd8 20. Rac1 Be8
21. Nxc6 Bxc6 22. Rxc6 Qxd4 23. Qxd4 Rxd4 24. Rc8+ Rd8 25. Rxa8 Rxa8 26. b4 Rd8
27. g3 g5 28. Rc7 Rd4 29. Rxa7 Rxb4 30. h3 Kg7 31. Kg2 Rb3 32. a5 Ra3 33. a6 h5
34. Ra8 Kf6 35. Ra7 e5 36. Ra8 Kf5 37. Kf1 Ke4 38. Kg2 f5 39. Rg8 f4 40. gxf4
gxf4 41. Ra8 h4 42. a7 Ra1 43. Rh8 f3+ 44. Kh2 Rxa7 45. Rxh4+ Kd3 46. Rb4 Rg7
47. Rb3+ Ke4 48. Rb2 Rg2+ 49. Kh1 Kf4 50. h4 Kg4 51. Rb5 Rxf2 52. Rxe5 Re2 53.
Rg5+ Kxh4 54. Rf5 Kg3 55. Rg5+ Kf4 56. Rg8 Re1+ 57. Kh2 f2 58. Rf8+ Ke3 59. Kg2
Rg1+ 60. Kh2 f1=R 61. Re8+ Kd4 62. Rd8+ Ke5 63. Re8+ Kf6 64. Ra8 Rg7 65. Ra6+
Kg5 66. Ra3 Rf2+ 67. Kg3 Rf5 68. Ra6 Kh5+ 69. Kh3 Rg6 70. Ra8 Kh6 71. Rh8+ Kg7
72. Rh4 Rh6 0-1

[Event "9th Sunway Sitges 2022"]
[Site "Sitges ESP"]
[Date "2022.12.14"]
[Round "3.24"]
[White "Wadsworth, Matthew J"]
[Black "Dionisi, Thomas"]
[Result "1-0"]
[WhiteTitle "IM"]
[BlackTitle "IM"]
[WhiteElo "2470"]
[BlackElo "2390"]
[WhiteFideId "415804"]
[BlackFideId "651893"]
[EventDate "2022.12.12"]

1. c4 f5 2. d4 Nf6 3. Nf3 g6 4. Nc3 Bg7 5. g3 O-O 6. Bg2 d6 7. O-O c6 8. d5 e5
9. dxe6 Bxe6 10. b3 Na6 11. Ng5 Qe7 12. Nxe6 Qxe6 13. Bb2 Nc5 14. Qc2 h5 15. e3
Rfe8 16. Ne2 Nce4 17. Rad1 Rad8 18. Bd4 a6 19. b4 Qf7 20. a4 Ng4 21. Bb6 Rd7 22.
f3 Nxe3 23. Bxe3 Nxg3 24. hxg3 Rxe3 25. f4 d5 26. cxd5 cxd5 27. Rf3 Rxf3 28.
Bxf3 d4 29. Rd3 Kh7 30. Kg2 Rc7 31. Qb3 Qe7 32. Nxd4 Rc1 33. Ne6 Re1 34. Ng5+ 1-0

[Event "9th Sunway Sitges 2022"]
[Site "Sitges ESP"]
[Date "2022.12.14"]
[Round "3.25"]
[White "Velten, Paul"]
[Black "Sattarov, Bobir"]
[Result "1-0"]
[WhiteTitle "GM"]
[BlackTitle "IM"]
[WhiteElo "2465"]
[BlackElo "2389"]
[WhiteFideId "681091"]
[BlackFideId "14203081"]
[EventDate "2022.12.12"]

1. d4 Nf6 2. c4 e6 3. Nf3 d5 4. Nc3 Bb4 5. cxd5 exd5 6. Bf4 O-O 7. e3 Bf5 8. Qb3
Nc6 9. Bb5 Bd6 10. Bg5 Na5 11. Qa4 c6 12. Bxf6 gxf6 13. Be2 b5 14. Qd1 Nc4 15.
Qc1 Qa5 16. O-O Bg6 17. a4 b4 18. Nb1 b3 19. Bxc4 dxc4 20. Qxc4 Qd5 21. Qxd5
cxd5 22. Nc3 Rfc8 23. Nd2 Rab8 24. Nxd5 Rc2 25. Ne4 Bf8 26. Nexf6+ Kg7 27. f4
Bd3 28. Rf3 Ba3 29. Rxa3 Rxb2 30. h4 Rb1+ 31. Kh2 b2 32. Rxd3 Rh1+ 33. Kxh1
b1=Q+ 34. Kh2 Qxd3 35. Rg3+ Kh8 36. Ne7 Qa6 37. Nfd5 Qxa4 38. Rg5 Qd7 39. e4 Qe6
40. e5 h6 41. Rg3 Qa6 42. f5 Qa4 43. Rg4 Qd1 44. Nf6 a5 45. e6 a4 46. exf7 Qxg4
47. Nxg4 a3 48. f6 Kh7 49. Ne5 a2 50. Nd7 a1=Q 51. f8=Q Rxf8 52. Nxf8+ Kh8 53.
Nfg6+ Kh7 54. f7 h5 55. f8=R Qd1 56. Rf4 Qd2 57. Nf8+ Kh8 58. Ne6 Qd3 59. Rf8+
Kh7 60. Ng5+ Kh6 61. Rf6+ Kg7 62. Rf7+ 1-0

[Event "9th Sunway Sitges 2022"]
[Site "Sitges ESP"]
[Date "2022.12.14"]
[Round "3.26"]
[White "Kushal O"]
[Black "Ayats Llobera, Gerard"]
[Result "1-0"]
[BlackTitle "IM"]
[WhiteElo "1801"]
[BlackElo "2464"]
[WhiteFideId "25652753"]
[BlackFideId "32067607"]
[EventDate "2022.12.12"]

1. e4 c5 2. Nf3 e6 3. d4 cxd4 4. Nxd4 Nf6 5. Nc3 d6 6. g4 a6 7. g5 Nfd7 8. Be3
Nc6 9. Be2 Qc7 10. Qd2 Be7 11. h4 b5 12. a3 Bb7 13. O-O-O Nce5 14. f4 Nc4 15.
Bxc4 Qxc4 16. h5 b4 17. axb4 Qxb4 18. g6 Rb8 19. Qe2 Nf6 20. h6 fxg6 21. hxg7
Rg8 22. e5 dxe5 23. fxe5 Nd7 24. Rxh7 Bd5 25. Nb3 Bxb3 26. Rh8 Bc4 27. Rxg8+ Nf8
28. Qxc4 Qxc4 29. Rxf8+ Bxf8 30. g8=Q Qg4 31. Rf1 1-0

[Event "9th Sunway Sitges 2022"]
[Site "Sitges ESP"]
[Date "2022.12.14"]
[Round "3.27"]
[White "Sochacki, Christophe"]
[Black "Shaik, Sumer Arsh"]
[Result "1-0"]
[WhiteTitle "GM"]
[BlackTitle "CM"]
[WhiteElo "2463"]
[BlackElo "2290"]
[WhiteFideId "662569"]
[BlackFideId "45020000"]
[EventDate "2022.12.12"]

1. d4 Nf6 2. c4 e6 3. Nf3 d5 4. Nc3 Bb4 5. cxd5 exd5 6. Bg5 h6 7. Bh4 c5 8. dxc5
Nc6 9. e3 O-O 10. Bd3 Bxc5 11. O-O Be6 12. Rc1 Be7 13. a3 Qd7 14. Qa4 a6 15.
Rfd1 b5 16. Qc2 Rac8 17. Qe2 Rfd8 18. h3 Kf8 19. a4 Nb4 20. axb5 Nxd3 21. Qxd3
axb5 22. Nxb5 Bf5 23. Qe2 Bc2 24. Rxc2 Rxc2 25. Qxc2 Qxb5 26. Nd4 Qd7 27. Bxf6
Bxf6 28. Qh7 g6 29. Qxh6+ Bg7 30. Qf4 Re8 31. b4 Be5 32. Qf3 Rb8 33. Nb3 Rxb4
34. Qxd5 Qe7 35. Nc5 Bf6 36. Nd7+ Kg7 37. Qc5 Rb2 38. Qxe7 Bxe7 39. Ne5 Bf6 40.
Nd3 Rc2 41. g3 g5 42. Kg2 Kg6 43. Nb4 Rb2 44. Nd5 Be5 45. Kf3 f5 46. g4 Rb7 47.
Rc1 Rd7 48. Rc6+ Kg7 49. Nb6 fxg4+ 50. hxg4 Rf7+ 51. Ke2 Bh2 52. Nc4 Bg1 53. f3
Ra7 54. Nd6 Ra2+ 55. Kd3 Rf2 56. Rc1 Bh2 57. Nf5+ Kg6 58. Rc2 Rxc2 59. Kxc2 Kf6
60. Kd3 Ke5 61. Kc4 Bg1 62. Kc5 Bf2 63. Kc6 Ke6 64. Kc7 Be1 65. Nd4+ Kd5 66. Kd7
Bd2 67. Nf5 Kc4 68. Ke6 Kd3 69. Kd5 Bc3 70. e4 Ke2 71. e5 Kxf3 72. e6 Bf6 73.
Nh6 Be7 74. Ke5 1-0